[Event "4NCL/Div2/KHE vs. BRI1"]
[Site "Telford ENG"]
[Date "2004.01.18"]
[Round "4.2"]
[White "Beaumont, Chris"]
[Black "McMichael, Richard"]
[Result "1/2-1/2"]
[WhiteElo "2336"]
[BlackElo "2298"]
[PlyCount "120"]
[EventDate "2004.01.18"]

1. d4 e6 2. Nf3 f5 3. g3 Nf6 4. Bg2 d5 5. c4 c6 6. O-O Bd6 7. Nbd2 O-O 8. Ne5
Nbd7 9. Nd3 Qe7 10. Qc2 Ne4 11. Nf3 a6 12. Bf4 Bxf4 13. Nxf4 Nd6 14. b3 Nf6 15.
Ne5 Bd7 16. a4 Be8 17. b4 Nd7 18. Nfd3 Nxe5 {(=)} 19. Nxe5 dxc4 20. Nxc4 Rd8
21. e3 Bh5 22. Rfc1 Nf7 23. Qb2 Nd6 24. Nxd6 Rxd6 25. b5 cxb5 26. axb5 Rb6 27.
Rc5 Be8 28. Qc3 Bxb5 29. Rc7 Qd6 30. Rxb7 Rxb7 31. Bxb7 Rd8 32. Qa5 Rb8 33.
Bxa6 Bxa6 34. Qxa6 Rb1+ 35. Kg2 Qd5+ 36. f3 Rxa1 37. Qxa1 Qb3 38. Qe1 Qc2+ 39.
Qf2 Qd3 40. h4 h6 41. h5 Kh7 42. g4 Kh8 43. Kg3 Qb1 44. Qe2 Qb8+ 45. Kg2 fxg4
46. fxg4 Qb4 47. Qa2 Qb7+ 48. Kg3 Qc7+ 49. Kf3 Qc6+ 50. Kf4 Kg8 51. Qa5 Qg2 52.
Qe1 Qd5 53. Qb1 Qd6+ 54. Kf3 Qh2 55. Qg6 Qh1+ 56. Kf4 Qh2+ 57. Ke4 Qh1+ 58. Ke5
Qd5+ 59. Kf4 Qd6+ 60. Kf3 Kf8 1/2-1/2

[Event "4NCL/Div2/KHE vs. BRI1"]
[Site "Telford ENG"]
[Date "2004.01.18"]
[Round "4.3"]
[White "Thomas, Richard H"]
[Black "Rudd, Jack"]
[Result "1-0"]
[WhiteElo "2235"]
[BlackElo "2245"]
[PlyCount "81"]
[EventDate "2004.01.18"]

1. d4 e6 2. c4 Nf6 3. g3 d5 4. Bg2 dxc4 5. Nf3 Nbd7 6. O-O c6 7. Qc2 b5 8. a4
Bb7 9. Rd1 Qc8 10. Bg5 a6 11. Nbd2 Nd5 12. e4 Nb4 13. Qc3 h6 14. Be3 Nf6 15.
Ne5 Be7 16. b3 cxb3 17. Nxb3 O-O 18. a5 c5 19. Nxc5 Bxc5 20. dxc5 Nc6 21. Bxh6
b4 22. Qb2 Nxe5 23. Qxe5 gxh6 24. Qxf6 Qxc5 25. Qxh6 Rac8 26. Qf6 Qc3 27. e5
Bxg2 28. Kxg2 Qc6+ 29. Kg1 Qe4 30. Rab1 Rc4 31. Re1 Qf5 32. Qxf5 exf5 33. e6 f6
34. Red1 Rc5 35. Rxb4 Rxa5 36. Rb7 Rb5 37. Ra7 Rb6 38. Rdd7 Rxe6 39. Rg7+ Kh8
40. Rh7+ Kg8 41. Rag7# 1-0

[Event "4NCL/Div2/KHE vs. BRI1"]
[Site "Telford ENG"]
[Date "2004.01.18"]
[Round "4.4"]
[White "Sherwin, James T"]
[Black "O'Shaughnessy, Conor"]
[Result "0-1"]
[WhiteElo "2309"]
[BlackElo "2202"]
[PlyCount "110"]
[EventDate "2004.01.18"]

1. Nf3 Nf6 2. d4 e6 3. c4 c5 4. e3 d5 5. Nc3 Nc6 6. a3 cxd4 7. exd4 Be7 8. c5
Ne4 9. Qc2 f5 10. Bb5 Bf6 11. Bf4 O-O 12. Bxc6 bxc6 13. O-O a5 14. Rfe1 Qe8 15.
Be5 Qh5 16. Re3 Bd8 17. Nd2 Ra7 18. Rh3 Qe8 19. f4 Ba6 20. Re1 Rb7 21. Nf3 Bc4
22. Nd2 Ba6 23. Na2 Bf6 24. Bxf6 gxf6 25. Nxe4 fxe4 26. Qd2 Bc4 27. Nc1 a4 28.
Rg3+ Kh8 29. Rc3 Bb5 30. Ne2 Qb8 31. Ng3 Bd3 32. Qd1 Qxf4 33. Rxd3 exd3 34.
Qxd3 Rxb2 35. Rf1 Qd2 36. Qf3 Qxd4+ 37. Kh1 f5 38. Nh5 Rb3 39. Qe2 Qe4 40. Qd2
Qe3 41. Qd1 e5 42. Qg4 Rb7 43. h3 Qd3 44. Rf3 Qe4 45. Qg5 f4 46. Qh6 Qf5 47.
Kh2 Rbf7 48. Qxc6 Qxh5 49. Qxd5 Qf5 50. c6 e4 51. Qd4+ Rg7 52. Rc3 f3 53. gxf3
exf3 54. c7 f2 55. Rg3 f1=N+ 0-1

[Event "4NCL/Div2/KHE vs. BRI1"]
[Site "Telford ENG"]
[Date "2004.01.18"]
[Round "4.5"]
[White "Guthrie, David"]
[Black "Buckley, David E"]
[Result "1/2-1/2"]
[WhiteElo "2165"]
[BlackElo "2203"]
[PlyCount "128"]
[EventDate "2004.01.18"]

1. d4 c5 2. d5 d6 3. c4 g6 4. e4 Bg7 5. Bd3 e6 6. Nf3 Ne7 7. O-O O-O 8. h3 h6
9. Nc3 exd5 10. cxd5 a6 11. a4 Nd7 12. Be3 f5 13. Qd2 g5 14. exf5 Nxf5 15. Rfe1
Nxe3 16. Rxe3 Ne5 17. Nxe5 Bxe5 18. Ne2 Bd7 19. Qc2 Qf6 20. Ng3 g4 21. hxg4
Bxg4 22. Rf1 Rf7 23. Be2 h5 24. Nxh5 Qg5 25. Bxg4 Qxg4 26. Rh3 Raf8 27. f4 Bd4+
28. Kh2 Rf5 29. Rff3 Rxh5 30. Rfg3 Rxh3+ 31. gxh3 Qxg3+ 32. Kxg3 Rf6 33. f5 b5
34. Kg4 Kf7 35. axb5 axb5 36. b3 Rh6 37. Qd3 Bf6 38. Qxb5 Rh4+ 39. Kg3 Re4 40.
Qd7+ Re7 41. Qc8 Re8 42. Qd7+ Re7 43. Qb5 Be5+ 44. Kf3 Kf6 45. Qb8 Kxf5 46.
Qf8+ Bf6 47. h4 Rh7 48. Qxd6 Rxh4 49. Qxc5 Rd4 50. b4 Ke5 51. b5 Rxd5 52. Qc7+
Ke6 53. b6 Be5 54. Qc6+ Rd6 55. Qc8+ Ke7 56. b7 Rd8 57. Ke4 Bb8 58. Kf5 Rf8+
59. Kg6 Rd8 60. Qc5+ Bd6 61. Qg5+ Kd7 62. Qb5+ Ke7 63. Qg5+ Kd7 64. Qxd8+ Kxd8
1/2-1/2

[Event "4NCL/Div2/KHE vs. BRI1"]
[Site "Telford ENG"]
[Date "2004.01.18"]
[Round "4.6"]
[White "Collier, David O"]
[Black "Ward, Julian T"]
[Result "1/2-1/2"]
[WhiteElo "2225"]
[BlackElo "2104"]
[PlyCount "43"]
[EventDate "2004.01.18"]

1. d4 Nf6 2. Bg5 d5 3. Bxf6 exf6 4. e3 Bd6 5. g3 O-O 6. Bg2 c6 7. Ne2 Re8 8.
Nd2 Nd7 9. O-O f5 10. c4 dxc4 11. Nxc4 Nf6 12. Nxd6 Qxd6 13. Nc3 Be6 14. Qc2 g6
15. Rfd1 Nd5 16. a3 Rad8 17. Na4 h5 18. Nc5 Bc8 19. Qd2 Kg7 20. h4 Re7 21. Re1
Nf6 22. Rad1 1/2-1/2

[Event "4NCL/Div2/KHE vs. BRI1"]
[Site "Telford ENG"]
[Date "2004.01.18"]
[Round "4.7"]
[White "Connolly, Suzanne"]
[Black "Helbig, Paul D"]
[Result "1/2-1/2"]
[WhiteElo "2072"]
[BlackElo "2195"]
[PlyCount "110"]
[EventDate "2004.01.18"]

1. e4 g6 2. d4 d6 3. Be3 Bg7 4. Nc3 a6 5. Qd2 b5 6. O-O-O Nd7 7. f3 Bb7 8. g4
c5 9. h4 cxd4 10. Bxd4 Ngf6 11. h5 O-O 12. hxg6 fxg6 13. g5 Nh5 14. Bxg7 Kxg7
15. Bh3 Ne5 16. Qd4 Nf4 17. Kb1 Qb8 18. Qd2 Qa7 19. Qh2 b4 20. Nce2 Nxe2 21.
Qxe2 h5 22. gxh6+ Kh7 23. Bg2 Bc8 24. Nh3 Bxh3 25. Rxh3 Rf4 26. Qd2 Raf8 27.
Qxb4 Nxf3 28. Bxf3 Rxf3 29. Rxf3 Rxf3 30. Qd2 Qc5 31. a3 a5 32. Re1 Qe5 33. Qe2
Rf8 34. Qc4 Kxh6 35. Rh1+ Kg7 36. Qd3 Rb8 37. b3 Rh8 38. Rxh8 Kxh8 39. Qh3+ Kg7
40. Qg4 g5 41. a4 Kf6 42. Qf3+ Qf4 43. Qc3+ Qe5 44. Qf3+ Qf4 45. Qc3+ Ke6 46.
Qxa5 g4 47. Qd5+ Kf6 48. a5 g3 49. a6 Qf1+ 50. Kb2 g2 51. Qd4+ Ke6 52. a7 g1=Q
53. Qxg1 Qxg1 54. a8=Q Qd4+ 55. Kb1 Qd1+ 1/2-1/2

[Event "4NCL/Div2/KHE vs. BRI1"]
[Site "Telford ENG"]
[Date "2004.01.18"]
[Round "4.8"]
[White "Ashby, Ann-Marie"]
[Black "Mackenzie, Colin"]
[Result "1/2-1/2"]
[WhiteElo "2082"]
[BlackElo "2147"]
[PlyCount "58"]
[EventDate "2004.01.18"]

1. e4 e6 2. d4 d5 3. Nc3 Bb4 4. Qd3 dxe4 5. Qxe4 Nf6 6. Qh4 Nd5 7. Qxd8+ Kxd8
8. Bd2 Nxc3 9. bxc3 Ba3 10. Nf3 f6 11. Bc4 Re8 12. O-O Nd7 13. Rad1 Nb6 14. Bd3
g6 15. Rfe1 Bd7 16. c4 c5 17. Ba5 cxd4 18. Nxd4 Ke7 19. Rb1 Bc5 20. Nb3 Na4 21.
Be4 Rab8 22. Red1 b6 23. Nxc5 Nxc5 24. Bb4 Red8 25. Rd3 Be8 26. g3 Kf7 27. Rxd8
Rxd8 28. Bxc5 bxc5 29. Kf1 f5 1/2-1/2

[Event "4NCL/Div2/MIN1 vs. WES1"]
[Site "Telford ENG"]
[Date "2004.01.18"]
[Round "4.1"]
[White "Bellin, Robert"]
[Black "Webb, Richard M"]
[Result "1/2-1/2"]
[WhiteElo "2385"]
[BlackElo "2348"]
[PlyCount "25"]
[EventDate "2004.01.18"]

1. Nf3 c5 2. e4 d6 3. c3 Nf6 4. Be2 g6 5. O-O Bg7 6. Bb5+ Bd7 7. Bxd7+ Nbxd7 8.
Qe2 O-O 9. d4 cxd4 10. cxd4 e5 11. dxe5 dxe5 12. Nc3 Qe7 13. Bg5 1/2-1/2

[Event "4NCL/Div2/MIN1 vs. WES1"]
[Site "Telford ENG"]
[Date "2004.01.18"]
[Round "4.2"]
[White "Poulton, James"]
[Black "Gwaze, Robert"]
[Result "1/2-1/2"]
[WhiteElo "2366"]
[BlackElo "2345"]
[PlyCount "125"]
[EventDate "2004.01.18"]

1. d4 Nf6 2. c4 e6 3. Nf3 Bb4+ 4. Nbd2 b6 5. a3 Bxd2+ 6. Qxd2 Bb7 7. g3 a5 8.
Bg2 O-O 9. b3 d6 10. Bb2 Nbd7 11. Nh4 Bxg2 12. Nxg2 Qb8 13. O-O Qb7 14. Rac1
Rfe8 15. Nf4 Rad8 16. d5 e5 17. Nd3 c6 18. dxc6 Qxc6 19. b4 Qa8 20. f3 Qa7 21.
Nf2 b5 22. cxb5 axb4 23. Qxb4 Nd5 24. Qxd6 N7b6 25. Qc5 Rc8 26. Qd6 Rcd8 27.
Qc5 Qb8 28. Nd3 Na4 29. Qf2 Nxb2 30. Nxb2 Qxb5 31. e4 Nb6 32. Rfd1 Qb3 33. Kg2
Rxd1 34. Rxd1 Nc4 35. Rc1 Nxa3 36. Nd1 h6 37. Qb2 Qxb2+ 38. Nxb2 Rb8 39. Nd3 f6
40. Rc3 Nb1 41. Rc2 Rd8 42. Nb4 Na3 43. Ra2 Nb5 44. Nd5 Nd4 45. h4 Rb8 46. h5
Rb7 47. f4 exf4 48. gxf4 Kf7 49. f5 Ke8 50. Kf2 Nc6 51. Nf4 Ke7 52. Ne6 Rb4 53.
Ke3 Rb3+ 54. Ke2 Rg3 55. Ra6 Kd7 56. Nc5+ Kd6 57. Ne6 Kd7 58. Nc5+ Kc7 59. Ne6+
Kb7 60. Nc5+ Kc7 61. Ne6+ Kd7 62. Nc5+ Kc7 63. Ne6+ 1/2-1/2

[Event "4NCL/Div2/MIN1 vs. WES1"]
[Site "Telford ENG"]
[Date "2004.01.18"]
[Round "4.3"]
[White "Radovanovic, Jovica"]
[Black "Simons, Martin J"]
[Result "0-1"]
[WhiteElo "2217"]
[BlackElo "2285"]
[PlyCount "78"]
[EventDate "2004.01.18"]

1. e4 Nc6 2. Nf3 d5 3. exd5 Qxd5 4. Nc3 Qa5 5. d4 Bg4 6. Bb5 e6 7. h3 Bh5 8. g4
Bg6 9. Ne5 Bb4 10. Bd2 Bxc3 11. Bxc6+ bxc6 12. Bxc3 Qd5 13. f3 Rb8 14. Qe2 f6
15. Nxg6 hxg6 16. b3 Ne7 17. O-O-O g5 18. Rd3 Ng6 19. Bd2 Kf7 20. Kb1 Rh6 21.
Rc3 Rbh8 22. Rc5 Qd7 23. Qe4 Rxh3 24. Rxh3 Rxh3 25. Rxc6 f5 26. gxf5 exf5 27.
Rxc7 fxe4 28. Rxd7+ Ke6 29. Rxg7 Kf6 30. Rxa7 exf3 31. Be3 g4 32. Kc1 g3 33.
Kd2 Rh2+ 34. Kd3 Re2 35. Ra6+ Kf7 36. Ra5 Kf6 37. Ra6+ {(=)} 37... Kf7 38. Ra5
g2 39. Rf5+ Kg7 $138 0-1

[Event "4NCL/Div2/MIN1 vs. WES1"]
[Site "Telford ENG"]
[Date "2004.01.18"]
[Round "4.4"]
[White "Corkett, Anthony R"]
[Black "McFarland, Robert S"]
[Result "1/2-1/2"]
[WhiteElo "2314"]
[BlackElo "2268"]
[PlyCount "115"]
[EventDate "2004.01.18"]

1. Nc3 g6 2. e4 Bg7 3. h4 h5 4. d4 c6 5. Bc4 d6 6. Bb3 e6 7. Nf3 d5 8. Qe2 dxe4
9. Nxe4 Nf6 10. Bg5 Qa5+ 11. Nfd2 Nxe4 12. Qxe4 Nd7 13. O-O O-O 14. c3 Nf6 {(=)
} 15. Qf4 Nd5 16. Qg3 Qc7 17. Qxc7 Nxc7 18. Ne4 f6 19. Bd2 Rd8 20. Rad1 b6 21.
Rfe1 Nd5 22. c4 Ne7 23. Bb4 Nf5 24. d5 c5 25. Bc3 e5 {(=)} 26. g3 Nd4 27. Bxd4
exd4 28. Kg2 Bd7 29. f3 Re8 30. Bc2 Re7 31. Nd6 Rxe1 32. Rxe1 Bf8 33. Ne4 Kf7
34. Nf2 Re8 {(=)} 35. Rxe8 Bxe8 36. Nd3 Bd6 37. Nf2 f5 38. f4 Bd7 39. Kf3 Kf6
40. Nd3 a5 41. b3 Be8 {(=)} 42. Ne1 Bd7 43. Bd3 Be8 44. Ke2 Ke7 45. Nc2 Bf7 46.
Ne1 Be8 47. Bb1 Bd7 48. Nd3 Kf6 49. a3 Be8 50. Ba2 b5 51. Kd2 b4 52. axb4 axb4
53. Ne1 Ke7 54. Nf3 Bb8 55. Bb1 Kd6 56. Bd3 Bc7 57. Ng5 Bd8 58. Nf3 1/2-1/2

[Event "4NCL/Div2/MIN1 vs. WES1"]
[Site "Telford ENG"]
[Date "2004.01.18"]
[Round "4.5"]
[White "Kafka, Graeme"]
[Black "Allicock, Rawle A"]
[Result "0-1"]
[WhiteElo "2162"]
[BlackElo "2279"]
[PlyCount "81"]
[EventDate "2004.01.18"]

1. e4 c5 2. Nf3 d6 3. d4 cxd4 4. Nxd4 Nf6 5. Nc3 g6 6. Bc4 Bg7 7. h3 O-O 8. O-O
Na6 9. Qe2 Nc5 10. Rd1 Bd7 11. Nf3 b5 12. Bxb5 Nfxe4 13. Nxe4 Bxb5 14. Qxb5
Nxe4 15. Be3 Qc7 16. c3 Rfb8 17. Qd5 Qb7 18. Qd3 a5 19. Rab1 a4 20. Ng5 Nf6 21.
Rdc1 h6 22. Nf3 Qe4 23. Qd2 Kh7 24. Re1 Qc4 25. a3 Rb7 26. Qc2 Rab8 27. Nd2 Qc6
28. b4 axb3 29. Rxb3 Rxb3 30. Nxb3 Qa4 31. Nd4 Qxa3 32. Nc6 Rb7 33. Nd8 Rc7 34.
Nxf7 Qxc3 35. Qe2 Qb3 36. Nd8 Rc8 37. Bxh6 e5 38. Bxg7 Kxg7 39. Ra1 Rxd8 40.
Ra7+ Rd7 41. Ra8 0-1

[Event "4NCL/Div2/MIN1 vs. WES1"]
[Site "Telford ENG"]
[Date "2004.01.18"]
[Round "4.6"]
[White "Upton, Ian J"]
[Black "Almond, Richard"]
[Result "1-0"]
[WhiteElo "2224"]
[BlackElo "2169"]
[PlyCount "145"]
[EventDate "2004.01.18"]

1. c4 c6 2. Nf3 d5 3. d4 Nf6 4. Nc3 e6 5. e3 Bd6 6. Bd3 Nbd7 7. O-O O-O 8. e4
dxc4 9. Bxc4 e5 10. Bg5 Qa5 11. a3 exd4 12. Qxd4 Be5 13. Nxe5 Qxe5 14. Qxe5
Nxe5 15. Be2 Nfg4 16. h3 h6 17. Bf4 Ng6 18. Bc7 Nf6 19. b4 Be6 20. Rab1 Rac8
21. Bg3 Rfd8 22. f4 Bd7 23. f5 Nf8 24. Rfd1 c5 25. b5 Re8 26. Bf3 b6 27. Rb2 g6
28. Rbd2 gxf5 29. e5 Ne4 30. Bxe4 fxe4 31. Nxe4 Bxb5 32. Nd6 Ba4 33. Nxe8 Rxe8
34. Rd8 Rxd8 35. Rxd8 Kg7 36. Be1 Nd7 37. g4 Kg6 38. Rg8+ Kh7 39. Re8 Kg6 40.
Rg8+ Kh7 41. Re8 Bb3 42. Kf2 Be6 43. Kg3 Kg6 44. Kf4 Kh7 45. Bd2 Kg6 46. Bc3
Kh7 47. h4 Kg7 48. Rd8 Kg6 49. h5+ Kh7 50. Bb2 b5 51. Ra8 Nb6 52. Rxa7 b4 53.
axb4 cxb4 54. Bd4 b3 55. Rb7 Na4 56. Rb4 b2 57. Bxb2 Nxb2 58. Rxb2 Kg7 59. Rb4
Kf8 60. Kg3 Kg7 61. Rf4 Kh7 62. Rf6 Ba2 63. Kf4 Kg7 64. g5 hxg5+ 65. Kxg5 Bb3
66. Rf2 Bc4 67. h6+ Kh7 68. Kf6 Bd5 69. Rd2 Be6 70. Rb2 Bd5 71. Rb8 Bc4 72. Rf8
Bb3 73. Rxf7+ 1-0

[Event "4NCL/Div2/MIN1 vs. WES1"]
[Site "Telford ENG"]
[Date "2004.01.18"]
[Round "4.7"]
[White "Muter, Donny"]
[Black "Yeo, Michael J"]
[Result "1-0"]
[WhiteElo "2121"]
[BlackElo "2244"]
[PlyCount "101"]
[EventDate "2004.01.18"]

1. d4 d5 2. Nf3 Nc6 3. g3 Bg4 4. Bg2 Qd7 5. Nbd2 O-O-O 6. h3 Bh5 7. a3 f6 8. b4
e5 9. Nb3 Bd6 10. b5 Nce7 11. a4 e4 12. Nh2 f5 13. Be3 Nf6 14. Rb1 f4 15. Bxf4
Bxf4 16. gxf4 Ng6 17. Qd2 Qf5 18. e3 Nh4 19. Bf1 Qg6 20. Qa5 Kb8 21. Nc5 Rd6
22. Kd2 Rc8 23. Qb4 Nd7 24. a5 Nxc5 25. dxc5 Rdd8 26. c3 Qf5 27. Rg1 Qf7 28.
Kc2 h6 29. Ng4 Nf3 30. Rg3 Bxg4 31. hxg4 g5 32. Be2 Ne5 33. f5 h5 34. Qd4 Nc4
35. Ra1 h4 36. Rh3 Qe7 37. Bxc4 dxc4 38. Qxc4 Rd3 39. Rhh1 Rcd8 40. Rad1 h3 41.
Rxd3 exd3+ 42. Kd2 Qh7 43. a6 h2 44. Qe4 bxa6 45. bxa6 Kc8 46. Qe6+ Qd7 47.
Qxd7+ Kxd7 48. Rxh2 Kc6 49. f4 gxf4 50. exf4 Kxc5 51. Rh3 1-0

[Event "4NCL/Div2/MIN1 vs. WES1"]
[Site "Telford ENG"]
[Date "2004.01.18"]
[Round "4.8"]
[White "Khoo, Teresa"]
[Black "Hegarty, Sarah N"]
[Result "1/2-1/2"]
[WhiteElo "2044"]
[BlackElo "1891"]
[PlyCount "33"]
[EventDate "2004.01.18"]

1. e4 Nf6 2. e5 Nd5 3. d4 d6 4. c4 Nb6 5. exd6 exd6 6. Nc3 Be7 7. h3 Nc6 8. Nf3
Bf6 9. Be2 O-O 10. O-O Bf5 11. Be3 d5 12. c5 Nc4 13. Bc1 Nb4 14. Ne1 Nc6 15.
Nf3 Nb4 16. Ne1 Nc6 17. Nf3 1/2-1/2

[Event "4NCL/Div2/SWD1 vs. 3CS2"]
[Site "Telford ENG"]
[Date "2004.03.20"]
[Round "5.1"]
[White "Cooper, John G"]
[Black "James, Dale R"]
[Result "1/2-1/2"]
[WhiteElo "2310"]
[BlackElo "2200"]
[PlyCount "54"]
[EventDate "2004.03.20"]

1. d4 Nf6 2. c4 c5 3. d5 e5 4. Nc3 d6 5. e4 a6 6. Nf3 h6 7. Be2 Be7 8. a3 Nbd7
9. b4 b6 10. Rb1 Nf8 11. h4 Ng4 12. h5 f5 13. exf5 Nh7 14. Nd2 Ngf6 15. Bd3 O-O
16. Nf1 e4 17. Nxe4 Bxf5 18. Nfg3 Bd7 19. O-O Ng4 20. Be2 Qc8 21. bxc5 bxc5 22.
Rb6 Nhf6 23. Nxd6 Qc7 24. Ndf5 Qxb6 25. Nxe7+ Kf7 26. Nef5 Bxf5 27. Nxf5 Ne5
1/2-1/2

[Event "4NCL/Div2/SWD1 vs. 3CS2"]
[Site "Telford ENG"]
[Date "2004.03.20"]
[Round "5.2"]
[White "Shaw, David A"]
[Black "Cobb, James E"]
[Result "0-1"]
[WhiteElo "2165"]
[BlackElo "2321"]
[PlyCount "56"]
[EventDate "2004.03.20"]

1. e4 e5 2. Nf3 Nc6 3. Bb5 a6 4. Bxc6 dxc6 5. d4 exd4 6. Qxd4 Qxd4 7. Nxd4 Bd7
8. Be3 O-O-O 9. Nd2 c5 10. Ne2 b6 11. O-O-O Ne7 12. f3 h6 13. Nf1 f5 14. Nfg3
fxe4 15. Nxe4 Nf5 16. Bf4 Be7 17. N2g3 Nh4 18. Be5 Nxg2 19. Bxg7 Rh7 20. Be5
Rf7 21. Rd3 Rdf8 22. Rg1 Nf4 23. Rd2 Ng6 24. Bc3 Nh4 25. Rf2 Nxf3 26. Rd1 Bc6
27. Kb1 h5 28. Nd2 h4 0-1

[Event "4NCL/Div2/SWD1 vs. 3CS2"]
[Site "Telford ENG"]
[Date "2004.03.20"]
[Round "5.3"]
[White "James, David J"]
[Black "Adams, Phil"]
[Result "1/2-1/2"]
[WhiteElo "2258"]
[BlackElo "2077"]
[PlyCount "36"]
[EventDate "2004.03.20"]

1. Nf3 c5 2. c4 Nc6 3. d4 cxd4 4. Nxd4 g6 5. e3 Bg7 6. Nc3 Nf6 7. Be2 O-O 8.
O-O d6 9. e4 Nxd4 10. Qxd4 Be6 11. Qd3 Rc8 12. Nd5 Nd7 13. Rb1 Nc5 14. Qe3 a5
15. b3 Re8 16. Bb2 Bxd5 17. exd5 Bxb2 18. Rxb2 e5 1/2-1/2

[Event "4NCL/Div2/SWD1 vs. 3CS2"]
[Site "Telford ENG"]
[Date "2004.03.20"]
[Round "5.4"]
[White "Plant, Paul"]
[Black "Zeidler, Sven P"]
[Result "1/2-1/2"]
[WhiteElo "2097"]
[BlackElo "2233"]
[PlyCount "132"]
[EventDate "2004.03.20"]

1. d4 f5 2. g3 Nf6 3. Bg2 g6 4. Nf3 Bg7 5. O-O O-O 6. c4 d6 7. Nc3 c6 8. d5 e5
9. dxe6 Bxe6 10. Qd3 Nbd7 11. Bf4 Nb6 12. Qxd6 Bxc4 13. Rfe1 Re8 14. Qc5 Bf8
15. Qd4 Qxd4 16. Nxd4 Rad8 17. Nc2 Nbd5 18. Nxd5 Nxd5 19. Bg5 Be7 20. Bxe7 {=}
20... Rxe7 21. e4 fxe4 22. Rxe4 Rxe4 23. Bxe4 Nf6 24. Ne3 Nxe4 25. Nxc4 b5 26.
Re1 Nd2 27. Ne5 Re8 28. Rd1 {=} 28... Rxe5 29. Rxd2 Kf7 30. Rd6 Re6 31. Rd8 a5
32. Kf1 Ke7 33. Ra8 a4 34. Ra7+ Kf6 35. Rxh7 Re4 36. Rd7 Rc4 37. Ke2 g5 38. h3
Kf5 39. Rd3 b4 40. Kd2 Re4 41. Rf3+ Kg6 42. a3 c5 43. axb4 cxb4 44. Re3 Rc4 45.
Kd3 Rc6 46. Re4 b3 47. Rxa4 Rc2 48. Ke3 Rxb2 49. Rb4 Rb1 50. Kf3 Rb2 51. Rb5
Kf6 52. Kg4 Rxf2 53. Rxb3 Rg2 54. Rb6+ Kg7 55. Rb5 Kh6 56. Rc5 Rg1 57. Rc2 Kg7
{=} 58. Rc3 Kh6 59. Rf3 Rg2 60. Ra3 Kg6 61. Ra6+ Kg7 62. h4 gxh4 63. Kxh4 Rb2
64. g4 Rb5 65. g5 Rb1 66. Ra7+ Kg6 1/2-1/2

[Event "4NCL/Div2/SWD1 vs. 3CS2"]
[Site "Telford ENG"]
[Date "2004.03.20"]
[Round "5.5"]
[White "Blackburn, Jonathan L B"]
[Black "Keevil, Paul"]
[Result "1-0"]
[WhiteElo "2165"]
[BlackElo "2150"]
[PlyCount "53"]
[EventDate "2004.03.20"]

1. d4 c6 2. c4 d5 3. Nf3 Bf5 4. Nc3 Nf6 5. Qb3 b6 6. cxd5 cxd5 7. Bf4 a6 8.
Bxb8 Qxb8 9. Nxd5 Be6 10. Nxf6+ gxf6 11. d5 Bd7 12. g3 e6 13. Bg2 Bc5 14. O-O
e5 15. Nd2 f5 16. Kh1 h5 17. h4 e4 18. Qc3 Rg8 19. Nc4 Bb5 20. Ne5 Bxe2 21. b4
Bxf1 22. Bxf1 Qc7 23. bxc5 Qxc5 24. Rc1 Qxd5 25. Bc4 Qb7 26. Bxf7+ Ke7 27. Qb4+
1-0

[Event "4NCL/Div2/SWD1 vs. 3CS2"]
[Site "Telford ENG"]
[Date "2004.03.20"]
[Round "5.6"]
[White "Whitworth, Philip"]
[Black "Morris, Charles F"]
[Result "1/2-1/2"]
[WhiteElo "2024"]
[BlackElo "2225"]
[PlyCount "33"]
[EventDate "2004.03.20"]

1. e4 e6 2. Nc3 d5 3. d4 Nf6 4. exd5 exd5 5. Bg5 c6 6. Bd3 Be7 7. Nge2 Bg4 8.
O-O Nbd7 9. f3 Bh5 10. Ng3 Bg6 11. Nf5 O-O 12. Nxe7+ Qxe7 13. Bxg6 hxg6 {=} 14.
Qd3 Rfe8 15. a3 Qd6 16. Rae1 Re6 17. Rxe6 1/2-1/2

[Event "4NCL/Div2/SWD1 vs. 3CS2"]
[Site "Telford ENG"]
[Date "2004.03.20"]
[Round "5.7"]
[White "Logothetis, Sotirios"]
[Black "Hickman, Alexander"]
[Result "1/2-1/2"]
[WhiteElo "2238"]
[BlackElo "1936"]
[PlyCount "60"]
[EventDate "2004.03.20"]

1. d4 Nf6 2. Nf3 e6 3. c4 Bb4+ 4. Bd2 Qe7 5. g3 Nc6 6. Nc3 Bxc3 7. Bxc3 Ne4 8.
Rc1 O-O 9. Bg2 d6 10. O-O Nxc3 11. Rxc3 e5 12. d5 Nb8 13. b4 a5 14. Ra3 Bg4 15.
bxa5 Bxf3 16. exf3 Na6 17. Qd2 Qf6 18. Re1 Nc5 19. h4 Rfe8 20. Rae3 Kf8 21.
R1e2 Qf5 {=} 22. Re1 Qd7 23. Ra3 Qf5 24. Bf1 Qf6 25. Kg2 Ra6 26. Ree3 Rea8 27.
Qb4 Kg8 28. Be2 g6 29. Bd1 Qd8 30. Bc2 f5 1/2-1/2

[Event "4NCL/Div2/SWD1 vs. 3CS2"]
[Site "Telford ENG"]
[Date "2004.03.20"]
[Round "5.8"]
[White "Martin, Katie"]
[Black "Wilson, Julie"]
[Result "1/2-1/2"]
[WhiteElo "1987"]
[BlackElo "1720"]
[PlyCount "39"]
[EventDate "2004.03.20"]

1. e4 e6 2. d4 d5 3. Nd2 c5 4. exd5 Qxd5 5. Ndf3 Nf6 6. c3 Nc6 7. Ne2 Bd6 8. a3
cxd4 9. Nexd4 Nxd4 10. Qxd4 Qxd4 {=} 11. Nxd4 a6 12. Bd3 e5 13. Nf5 Bf8 14. Bc2
Be6 15. O-O g6 16. Ng3 Be7 17. Bh6 Nd7 18. Rfe1 f6 19. Ne4 O-O-O 20. Be3
1/2-1/2

[Event "4NCL/Div2/KHE vs. PPA1"]
[Site "Telford ENG"]
[Date "2004.03.20"]
[Round "5.1"]
[White "Pigott, John C"]
[Black "Swanson, Stephen"]
[Result "1-0"]
[WhiteElo "2388"]
[BlackElo "2283"]
[PlyCount "153"]
[EventDate "2004.03.20"]

1. d4 d6 2. e4 g6 3. c4 Bg7 4. Nc3 Nd7 5. Be2 e5 6. d5 a5 7. Nf3 Nc5 8. Be3 Nh6
9. Qd2 Ng4 10. Bxc5 dxc5 11. h3 Nh6 12. Nxe5 Bxe5 13. Qxh6 Qf6 14. Qd2 O-O 15.
O-O Re8 16. Bd3 Bf4 17. Qd1 Be5 18. Ne2 Bxb2 19. Rb1 a4 20. f4 a3 21. e5 Qh4
22. Rf3 Bd7 23. Ng3 f5 24. Ne2 b6 25. Bc2 Rad8 26. Ba4 c6 27. d6 Rb8 28. Bb3
Kg7 29. Qd2 Rb7 30. Kh2 Be6 31. Rbf1 Qd8 32. Qc2 Qd7 33. Rd3 Qf7 34. Rfd1 Rd8
35. Rg3 Kh8 36. Ng1 h6 37. Nf3 Rg8 38. Nd2 g5 39. Nf3 gxf4 40. Rxg8+ Qxg8 41.
Qf2 Qg6 42. Rd3 Rg7 43. Qe2 Qe8 44. Qd2 Bd7 45. Qxf4 Qg6 46. Ne1 Qg5 47. g3 Bc1
48. Qxg5 hxg5 49. Rd1 Bb2 50. Nd3 Bd4 51. Re1 Rg6 52. h4 Rh6 53. Kg2 gxh4 54.
Nf4 Bxe5 55. Rxe5 Rxd6 56. gxh4 Kg7 57. Kf3 Kf6 58. Re3 Rd4 59. Rd3 Be8 60.
Rxd4 cxd4 61. Nd3 Bh5+ 62. Kf4 Be2 63. Bc2 Ke6 64. Ne5 Kd6 65. Bxf5 Kc5 66. Ke4
Bd1 67. Be6 Bb3 68. Nd3+ Kd6 69. Bg8 c5 70. Nc1 Bc2+ 71. Kf4 Bg6 72. Bd5 Be8
73. Kg5 b5 74. h5 bxc4 75. Bxc4 Ke7 76. h6 Kf8 77. Kf6 1-0

[Event "4NCL/Div2/KHE vs. PPA1"]
[Site "Telford ENG"]
[Date "2004.03.20"]
[Round "5.2"]
[White "Munson, Shaun D"]
[Black "McMichael, Richard"]
[Result "1/2-1/2"]
[WhiteElo "2294"]
[BlackElo "2298"]
[PlyCount "36"]
[EventDate "2004.03.20"]

1. d4 e6 2. Nf3 f5 3. c4 Nf6 4. e3 d5 5. Be2 c6 6. O-O Bd6 7. b3 Qe7 8. Bb2 O-O
9. Ne5 Bd7 10. Nd2 Be8 11. Rc1 Nbd7 12. c5 Bc7 13. f4 Ne4 14. Nxe4 fxe4 15. Qd2
Nxe5 16. dxe5 Qh4 17. g4 h5 18. Qe1 Qxe1 1/2-1/2

[Event "4NCL/Div2/KHE vs. PPA1"]
[Site "Telford ENG"]
[Date "2004.03.20"]
[Round "5.3"]
[White "Thomas, Richard H"]
[Black "Posazhennikov, Alex"]
[Result "1/2-1/2"]
[WhiteElo "2235"]
[BlackElo "2253"]
[PlyCount "65"]
[EventDate "2004.03.20"]

1. d4 d5 2. Nf3 e6 3. g3 Bd6 4. Bg2 Ne7 5. O-O O-O 6. c4 c6 7. Qc2 f5 8. Bf4
Bxf4 9. gxf4 Ng6 10. e3 Bd7 11. Nbd2 Be8 12. Kh1 Nd7 13. Rac1 Nf6 14. cxd5 cxd5
15. Nb3 Bb5 16. Rg1 Ne4 17. Bf1 Ba4 18. Bd3 {=} 18... Bxb3 19. axb3 Rc8 20.
Qxc8 Qxc8 21. Rxc8 Rxc8 22. Kg2 h6 23. Ra1 a6 24. Kf1 Ne7 25. Ke2 Nc6 26. Ne5
Nb4 27. f3 Nf6 28. Kd2 Kf8 29. Rg1 Rc7 30. Bb1 Ne8 31. Bd3 Nf6 32. Bb1 Ne8 33.
Bd3 1/2-1/2

[Event "4NCL/Div2/KHE vs. PPA1"]
[Site "Telford ENG"]
[Date "2004.03.20"]
[Round "5.4"]
[White "Harley, Andrew"]
[Black "O'Shaughnessy, Conor"]
[Result "1/2-1/2"]
[WhiteElo "2238"]
[BlackElo "2202"]
[PlyCount "39"]
[EventDate "2004.03.20"]

1. e4 c5 2. c3 Nf6 3. e5 Nd5 4. Nf3 e6 5. d4 cxd4 6. cxd4 b6 7. Bd3 Bb7 8. O-O
Be7 9. Nc3 O-O 10. Qe2 f5 11. Bd2 Nxc3 12. bxc3 Nc6 13. Rfe1 Rc8 14. Rab1 Na5
15. c4 Bxf3 16. gxf3 Bg5 17. f4 Bh6 18. Bxa5 bxa5 19. Qf3 Rf7 20. c5 1/2-1/2